| 000 | 00887pam a2200265 a 4500 | ||
|---|---|---|---|
| 001 | 3787026 | ||
| 003 | Ke-BoTe | ||
| 005 | 20220906020005.0 | ||
| 008 | 840711s1984 enk b 000 0 eng | ||
| 010 | _a 84015670 | ||
| 020 |
_a0877842620 (pbk.) : _c$6.95 |
||
| 020 | _a0877849641 (hard) | ||
| 040 |
_aDLC _cDLC _dDLC |
||
| 050 | 0 | 0 |
_aBS1375.3 _b.B35 1984 |
| 082 | 0 | 0 |
_a222/.907 _219 |
| 100 | 1 |
_aBaldwin, Joyce G. _92862 |
|
| 245 | 1 | 0 |
_aEsther : _ban introduction and commentary / _cby Joyce G. Baldwin. |
| 260 |
_aLeicester, England ; _aDowners Grove, Ill., U.S.A. : _bInter-Varsity Press, _cc1984. |
||
| 300 |
_a126 p. ; _c19 cm. |
||
| 440 | 4 |
_aThe Tyndale Old Testament commentaries ; _v12 _92863 |
|
| 504 | _aIncludes bibliographical references. | ||
| 630 | 0 | 0 |
_aBible. _pEsther _xCommentaries. _92864 |
| 906 |
_a7 _bcbc _corignew _d1 _eocip _f19 _gy-gencatlg |
||
| 942 |
_2lcc _cBK _n0 _01 |
||
| 999 |
_c1468 _d1468 |
||